Metody prezentacji zjawisk na mapach - Statystyki

Ogólne statystyki
  • Ten quiz został rozwiązany 102 razy
  • Średni wynik to 5 z 8
Statystyki odpowiedzi
Obrazkowy Odpowiedź % Poprawnych
metoda kartodiagramu
77%
metoda zasięgów
66%
metoda powierzchniowa
64%
metoda izolinii
58%
metoda kartogramu
58%
metoda kropkowa
58%
metoda sygnaturowa punktowa
47%
metoda sygnaturowa linniowa
40%
Nie znaleziono quizów pasujących do podanych kryteriów
Rozkład punktacji
Procent ludzi z każdym wynikiem
Percentyl według liczby udzielonych odpowiedzi
Twoja historia wyników
Nie rozwiązałeś tego quizu